| 000 | 01006cab a22001935a 4500 | ||
|---|---|---|---|
| 001 | L158723 | ||
| 008 | 150701e20150627xxk 000 0 eng d | ||
| 035 | _a(Sirsi) u158723 | ||
| 041 | 0 | _aeng | |
| 100 | 1 | _aGallimore, Michael | |
| 245 | 0 | 3 | _aAn evolving picture |
| 260 | _c2015 | ||
| 490 |
_aEstates Gazette _v(1525) 27 June 2015, 112-113(2) |
||
| 520 | _aExamines the previous coalition government's planning reforms and the prospects under the new government. Mentions the Localism Act 2011 and the further legislative reform such as the Infrastructure Act 2013. Notes how the focus of reforms has changed over the years with the government's attentions increasingly turning to economic recovery and the growth agenda. Looks ahead to policy with items in the Conservative manifesto including locally led garden cities and towns and protection of green belt and of developing brownfield land. | ||
| 590 | _aKA | ||
| 651 | 4 | _aUnited Kingdom | |
| 690 |
_aPlanning and development _96259 |
||
| 942 | _n0 | ||
| 999 |
_c84666 _d84666 |
||